000 00725cam a2200229 a 4500
001 13720203
005 20180206042926.0
008 040915s2004 mnu 001 0 eng
010 _a 2004556793
020 _a0314151540
040 _aDLC
_cDLC
_dDLC
041 _aeng
043 _an-us---
080 _a344.730
082 0 0 _a344.730 FUR
_222
100 _a14
101 _aSHJ
245 0 0 _aHealth law :
_cby Barry R. Furrow ... [et al.].
906 _a7
_bcbc
_corigcop
_d2
_encip
_f20
_gy-gencatlg
942 _2ddc
_cBK
999 _c41897
_d41897